Bůh chrání milence /

Hlavní autor: Simmel, Johannes Mario, 1924-2009
Další autoři: Parkmanová, Ivana
Jazyk: Čeština
Vydáno: Praha : Ikar, 1995
Témata:
Externí odkaz: Digitalizovaný dokument
Fyzický popis: 227 s. ; 21 cm
Knihy
Uloženo v:
LEADER 01335nam a2200337 a 4500
001 000033501
003 CZ BrMZK
005 20151006093726.0
007 ta
008 950313s1995 xr g f cze d
015 |a cnb000108764 
020 |a 80-85944-34-0 
040 |a BOA001  |b cze 
041 1 |a cze  |h ger 
072 7 |a 821.112.2-3  |x Německá próza, německy psaná  |2 Konspekt  |9 25 
080 |a 821.112.2(436)-31  |2 MRF 
080 |a (0:82-31)  |2 MRF 
100 1 |a Simmel, Johannes Mario,  |d 1924-2009  |7 jn20000605033  |4 aut 
245 1 0 |a Bůh chrání milence /  |c Johannes Mario Simmel ; [z němčiny přeložila Ivana Parkmanová]. 
260 |a Praha :  |b Ikar,  |c 1995 
300 |a 227 s. ;  |c 21 cm 
500 |a Dostupné též v digitální podobě v aplikaci Kramerius 
655 7 |a rakouské romány  |7 fd133222  |2 czenas 
700 1 |a Parkmanová, Ivana  |7 jx20031205009  |4 trl 
765 0 |t Gott schützt die Liebenden 
856 4 1 |u http://www.digitalniknihovna.cz/mzk/uuid/uuid:1a822fd0-0e57-11e3-9923-005056827e52  |y Digitalizovaný dokument  |x NDK 
910 |a BOA001  |b 2-1014.896 
990 |a BK 
991 |f B-SIM 
996 6 |b 2610029489  |c 2-1014.896  |l MZK  |r Sklad / do 1 hodiny  |n 17  |p p.v.  |w 000033501  |u 000020  |a 1  |e BOA001  |j MZK50  |s P 
996 7 |b 2610646565  |c 2-1014.896  |l MZK  |r Sklad / do 1 hodiny  |n 0  |p dar  |w 000033501  |u 000030  |a 1  |e BOA001  |j MZK50  |s A